Poverty Reduction Strategies for Developing Countries (Record no. 9630)

MARC details
000 -LEADER
fixed length control field 00508nam a22001937a 4500
003 - CONTROL NUMBER IDENTIFIER
control field OSt
005 - DATE AND TIME OF LATEST TRANSACTION
control field 20260416111350.0
008 - FIXED-LENGTH DATA ELEMENTS--GENERAL INFORMATION
fixed length control field 260416b |||||||| |||| 00| 0 eng d
020 ## - INTERNATIONAL STANDARD BOOK NUMBER
International Standard Book Number 9781511402057
040 ## - CATALOGING SOURCE
Transcribing agency DDC
082 ## - DEWEY DECIMAL CLASSIFICATION NUMBER
Classification number 362.5 MUL 2015
100 ## - MAIN ENTRY--PERSONAL NAME
Personal name Mulumba, Eric Zozo
9 (RLIN) 19579
245 ## - TITLE STATEMENT
Title Poverty Reduction Strategies for Developing Countries
260 ## - PUBLICATION, DISTRIBUTION, ETC. (IMPRINT)
Place of publication, distribution, etc. USA; Well Being, 2015
300 ## - PHYSICAL DESCRIPTION
Extent 154p; ill: 21.5cm
504 ## - BIBLIOGRAPHY, ETC. NOTE
Bibliography, etc References included
650 ## - SUBJECT ADDED ENTRY--TOPICAL TERM
Topical term or geographic name as entry element Poverty
9 (RLIN) 8
942 ## - ADDED ENTRY ELEMENTS (KOHA)
Source of classification or shelving scheme Dewey Decimal Classification
Koha item type Open Shelf
Holdings
Withdrawn status Lost status Source of classification or shelving scheme Damaged status Not for loan Home library Current library Date acquired Source of acquisition Inventory number Total Checkouts Full call number Barcode Date last seen Koha item type
    Dewey Decimal Classification     MUST Main Library MUST Main Library 16/04/2026 Purchase 26/42533   362.5 MUL 2015 2026-0118 16/04/2026 Open Shelf
    Dewey Decimal Classification     MUST Main Library MUST Main Library 16/04/2026 Purchase 26/42576   362.5 MUL 2015 2026-0120 16/04/2026 Open Shelf
    Dewey Decimal Classification     MUST Main Library MUST Main Library 16/04/2026 Purchase 26/42575   362.5 MUL 2015 2026-0119 16/04/2026 Open Shelf